Statistics for The Only Remaining European Country . . . #2

Click here to take the quiz!

General Stats

  • This quiz has been taken 28,607 times
  • The average score is 25 of 45

Answers on the Map

Answers color-coded by a green-red scale on the quiz's map according to % correct below.
 

Answer Stats

The only country . . .Country% Correct
To be the site of a Level 7 nuclear event (INES scale)Ukraine
91%
To entirely surround 2 other countriesItaly
90%
To be home to one of the world's top 10 most-visited museumsFrance
89%
To be a former member of the European UnionUnited Kingdom
87%
To have an area of desert climate (Köppen climate classification BWh or BWk)Spain
83%
To have a Muslim majorityAlbania
81%
To claim territory in AntarcticaNorway
79%
To contain the site of an assassination that triggered a world warBosnia and Herzegovina
78%
To have a mountain peak over 4000 meters above sea levelSwitzerland
78%
To be a theocracyVatican City
78%
To be home to one of the world's 10 largest companies (by revenue)Germany
76%
To have had colonial possessions in South AmericaPortugal
75%
To have no income taxMonaco
74%
To be a permanent member of the UN Security CouncilRussia
71%
To not be a member of the United NationsKosovo
70%
To touch the Black SeaBulgaria
68%
To be home to one of Europe's 10 busiest airportsNetherlands
62%
To change its name in the last 5 yearsNorth Macedonia
60%
To have a building taller than 250 metersPoland
58%
To be one of the top 10 European countries by number of (incoming) touristsGreece
56%
To be home to one of the institutional seats of the European UnionLuxembourg
55%
To be a Nordic countryFinland
54%
To contain a mouth of one of Europe's 10 longest riversRomania
54%
To have the same first 4 letters as another countrySlovenia
53%
Where Karl Marx livedBelgium
51%
To share a head of state with another countryAndorra
50%
To be on the Balkan PeninsulaMontenegro
50%
To have a population density greater than 1,000 people per square kilometerMalta
49%
To border at least 8 other countriesAustria
47%
To have territory in the Western Hemisphere (overseas territories not included)Iceland
42%
To be mentioned by its current name in multiple plays by William ShakespeareIreland
42%
To lose more than 10% of its population in World War ISerbia
41%
To produce the majority of their electricity through nuclear powerSlovakia
41%
To have a city that has been continuously inhabited since at least 800 BCCroatia
39%
To have its highest point be less than 300 meters above sea levelDenmark
39%
To have been formally at war with the United StatesHungary
39%
To be landlockedMoldova
35%
To not use the EuroSweden
35%
To depict a geographical feature on the flagSan Marino
33%
To have a flag consisting entirely of red, white, and blueCzech Republic
32%
To have one of its official languages also be an official language of the United NationsBelarus
31%
To have an island larger than Maui (~1,900 square kilometers)Estonia
30%
To have a population that is less than 25% urbanLiechtenstein
30%
To have a Catholic majorityLithuania
30%
To be in EuropeLatvia
25%

Score Distribution

Percentile by Number Answered

Percent of People with Each Score

Your Score History

You have not taken this quiz